Laissez-faire and expropriation of foreign capital in a growing economy.
Model závislosti krajiny na zahraničnom kapitáli. Zahraničný kapitál ako tovar, ktorý nie je možné vyprodukovať vo vlastnej krajine a ako tovar, ktorý otvára funkciu domácej produkcie. Model endogénneho rastu s dvoma faktormi produkcie. Autarkia a voľný obchod. Rovnováha pri autarkii. Analýza problé...
Saved in:
| Main Author: | |
|---|---|
| Other Authors: | |
| Format: | Book Chapter |
| Language: | English |
| Subjects: | |
| Tags: |
No Tags, Be the first to tag this record!
|
MARC
| LEADER | 00000naa a2200000 4500 | ||
|---|---|---|---|
| 001 | r004648 | ||
| 005 | 20221130103128.2 | ||
| 041 | 0 | |a eng | |
| 044 | |a NL | ||
| 245 | 1 | 0 | |a Laissez-faire and expropriation of foreign capital in a growing economy. |c D. Cohen, Ph. Michel |
| 520 | |a Model závislosti krajiny na zahraničnom kapitáli. Zahraničný kapitál ako tovar, ktorý nie je možné vyprodukovať vo vlastnej krajine a ako tovar, ktorý otvára funkciu domácej produkcie. Model endogénneho rastu s dvoma faktormi produkcie. Autarkia a voľný obchod. Rovnováha pri autarkii. Analýza problému "dôveryhodnosti" národných vlád pri získavaní zahraničného kapitálu. Výklad pojmu "dôveryhodnosť". | ||
| 610 | 2 | 0 | |a kapitál zahraničný |
| 610 | 2 | 0 | |a modely rastu |
| 610 | 2 | 0 | |a obchod zahraničný |
| 610 | 2 | 0 | |a rovnováha hospodárska |
| 610 | 2 | 0 | |a rast hospodársky |
| 610 | 2 | 0 | |a sebestačnosť |
| 610 | 2 | 0 | |a obchod voľný |
| 100 | 1 | |a Cohen, D. | |
| 700 | 1 | |a Michel, Ph. | |